000 00603nam a2200181Ia 4500
008 090630s9999 xx 000 0 und d
082 _b13989
100 _aभसे पोपटराव.
245 _aनियतीशी झुंज.
_cभसे पोपटराव.
260 _bशांती - पुणे.
_c1995
300 _a192
600 _aभसे पोपटराव.
630 _aनियतीशी झुंज.
655 _aकादंबरी.
700 _aभसे पोपटराव.
730 _aनियतीशी झुंज.
942 _cBOOK
999 _c265845
_d265845